Odd One Out : TV Show Characters Quiz Stats

Quiz Updated Oct 16, 2017

Challenge
Share
Tweet
Embed
Score 0/20 Timer 08:00
0 Plays Today
Question Answer Wrong Answers
Which character is not in Full House? Andrea Bayden
79.9%
Stephanie Tanner
3%
Jesse Katsopolis
4.9%
Kimmy Gibbler
9.8%
Which character is not in Cheers? Herb Tarlek
73.1%
Sam Malone
4.2%
Dr. Frasier Crane
11.2%
Woody Boyd
6.8%
Which character is not in Family Guy? Anthony DiNozzo
71.9%
Joe Swanson
6.5%
Cleveland Brown
4.3%
Adam West
13.7%
Which character is not in Game of Thrones? Bombur
70.7%
Jon Snow
4.7%
Margaery Tyrell
4.4%
Grey Worm
19.5%
Which character is not in That '70s Show? Alice Knight
70.3%
Steven Hyde
5.9%
Bob Pinciotti
13.7%
Jackie Burkhart
5.3%
Which character is not in Happy Days? Louie De Palma
61.5%
Chachi Arcola
8.8%
Al Delvecchio
15.7%
Potsie Weber
9.3%
Which character is not in New Girl? Rebecca Bunch
60.2%
Winston Bishop
12.6%
Cece Parekh
19.3%
Jess Day
6.5%
Which character is not in Lost? Gretchen Morgan
59%
Sayid Jarrah
8.5%
Michael Dawson
15.8%
Kate Austen
14.3%
Which character is not in Futurama? Jimmy Pesto
53.9%
Turanga Leela
8.7%
Amy Wong
14.8%
Scruffy
16.6%
Which character is not in Heroes? Wallace Fennel
52.7%
Matt Parkman
15.5%
Hiro Nakamura
11.2%
Claire Bennet
14.7%
Which character is not in Buffy The Vampire Slayer? Bill Haverchuck
51.1%
Xander Harris
6.3%
Angel
8.1%
Daniel Osbourne
31.1%
Which character is not in Sex and the City? Isabelle Wright
48.4%
Miranda Hobbes
4%
Steve Brady
25.1%
Aidan Shaw
16.6%
Which character is not in Mad Men? Nelson Van Alden
45.8%
Peggy Olson
13%
Roger Sterling
12.7%
Bertram Cooper
22.2%
Which character is not in Bones? Byrd Huffstodt
43.1%
Lance Sweets
21.7%
Seeley Booth
13.7%
Wendell Bray
15.7%
Which character is not in Gossip Girl? Luke Ward
38.8%
Blair Waldorf
13%
Dan Humphrey
22.3%
Nate Archibald
23%
Which character is not in Daredevil? Amanda Waller
38.5%
Foggy Nelson
28.5%
Matt Murdock
12.2%
Claire Temple
18.5%
Which character is not in How I Met Your Mother? Stuart Bloom
38.5%
Lily Aldrin
3.6%
Tracy McConnell
25.1%
Ranjit
27.5%
Which character is not in Star Trek: The Next Generation? Chief Galen Tyrol
37.3%
Wesley Crusher
12.8%
Q
29.9%
Guinan
16.1%
Which character is not in Orphan Black? Molly Hooper
35%
Sarah Manning
14.9%
Siobhan Sadler
25.5%
Paul Dierden
19.4%
Which character is not in Mork & Mindy? Mindy Lahiri
24.1%
Nelson Flavor
25.2%
Remo DaVinci
30%
Fred McConnell
17%

You're not logged in!

Compare scores with friends on all Sporcle quizzes.
Sign Up with Email
OR
Log In

You Might Also Like...

Show Comments

Extras

Top Quizzes Today


Score Distribution

Your Account Isn't Verified!

In order to create a playlist on Sporcle, you need to verify the email address you used during registration. Go to your Sporcle Settings to finish the process.

Report this User

Report this user for behavior that violates our Community Guidelines.

Details: